| 000 | 00403nam a2200133Ia 4500 | ||
|---|---|---|---|
| 008 | 181016s9999 xx 000 0 und d | ||
| 020 | _a9780446556682 | ||
| 100 | _aConnelly, Michael | ||
| 245 |
_cMichael Connelly _aThe drop/ |
||
| 260 |
_aNY: _bGrand Central Publishing _c2011 |
||
| 300 |
_a414 pages : _c17 cm. |
||
| 650 | _acold cases (criminal investigation) | ||
| 650 | _aserial murders investigation | ||
| 999 |
_c359236 _d359236 |
||